| 000 | 00936cam a2200289 i 4500 | ||
|---|---|---|---|
| 001 | 14381 | ||
| 003 | Mx-PuUPA | ||
| 005 | 20250616123834.0 | ||
| 008 | 140415s2013 mx a gr 001 0 spa d | ||
| 020 | _a9786071508942 | ||
| 040 |
_aMx-PuUPA _bspa _cMx-PuUPA _dMx-PuUPA _erda |
||
| 041 | 0 | _aspa | |
| 100 | 1 |
_aEscobar Valenzuela, Gustavo, _d1942- _913025 _eautor |
|
| 245 | 1 | 0 |
_aLógica : _bnociones y aplicaciones / _cGustavo Escobar Valenzuela |
| 250 | _aCuarta edición | ||
| 264 | 1 |
_aMéxico, D.F. : _bMcGraw-Hill/Interamericana Editores, _c2013 |
|
| 300 |
_avi, 245 páginas : _bilustraciones ; _c27 cm |
||
| 336 |
_2rdacontent _atexto _btxt |
||
| 337 |
_2rdamedia _asin medio _bn |
||
| 338 |
_2rdacarrier _avolumen _bnc |
||
| 650 | 7 |
_2armarc _aLógica |
|
| 650 | 7 |
_2armarc _aRazonamiento |
|
| 650 | 7 |
_2armarc _aPensamiento crítico |
|
| 942 |
_2ddc _cLI _iE74 _h160 |
||
| 999 |
_c14381 _d14381 |
||